000 00735cam a2200241 a 4500
999 _c46915
_d46915
001 139193
005 20190619091742.0
008 781017q1945 enk 000 0 eng d
035 _a(OCoLC)ocm04299359
035 _a(OCoLC)4299359
040 _aCSM
_cCSM
_dMCB
_dOCL
_dOCLCG
_dLBB
049 _aLBBK
100 1 _aFinney, Charles Grandison,
_d1792-1875.
245 1 0 _aFinney on revival :
_ban abbreviation of the Sermons on revival /
_cby Charles Grandison Finney ; Arranged by E.E. Shelhamer.
260 _aLondon :
_bMarshall, Morgan & Scott,
_c[1945?]
300 _a120 p. ;
_c19 cm.
336 _atext
337 _aunmediated
338 _avolume
650 0 _aRevivals.
650 0 _aEvangelistic work.
942 _2lcc
_cBK